Transmission of information : a statistical theory of communications /

Guardado en:
Autor Principal: Fano, Robert M.
Formato: Libro
Idioma:English
Publicado: Cambridge, Massachusetts : The M.I.T. Press, c1961.
Etiquetas: Agregar Etiqueta
Sin Etiquetas, Sea el primero en etiquetar este registro!
LEADER 00583nam a22001695 4500
001 MAT.inmabb001941
008 730116s1961####maua#####b####001#0#eng#d
005 20130401095139.0
245 1 0 |a Transmission of information :  |b a statistical theory of communications /  |c Robert M. Fano. 
260 |a Cambridge, Massachusetts :  |b The M.I.T. Press,  |c c1961. 
300 |a viii, 389 p. :  |b il. ;  |c 24 cm. 
504 |a Incluye referencias bibliográficas. 
510 4 |a MR,  |c 24 #B442 
100 1 |a Fano, Robert M. 
084 |a 94Axx  |2 msc2000 
010 |a  61008799  
859 |h 94  |i F214  |p A-3562  |b BIB. MATEMATICA